000 00652nam a22001937a 4500
999 _c188864
_d188864
005 20220606170243.0
010 _aENG-133042
020 _a9789381274255
_c1195.00
035 _aEN-116574
037 _bDBAD/PUB
082 _a307.1412
100 _aChattopadhyay, Pranab Kumar
245 _aChallenges of Livelihood and Inclusive Rural Development in the Era of Globalization/
_cPranab Kumar Chattopadhyay
260 _aNew Delhi
_bNew Delhi Publishers
_c2013
270 _a90, Sainik Vihar, Mohan Garden
_bNew Delhi
_e110059
300 _a464p.
_c22cm(hbk)
700 _aSudipta Bhattacharya
942 _2ddc
_cEN
_mCHA
_h307.1412